000 00470cam a22001934a 4500
005 20250605164254.0
008 250528s ||||||||||||||||||||||||d
035 _a21844
020 _a9789605122690
040 _aGR-AtMCL
_bgre
_dGR-AtMCL
_eAACR2
245 1 _aΕΓΧΕΙΡΙΔΙΟ ΤΟΥ FLASH 5
250 _a1
260 _bΓκιουρδας,
_c2001
300 _a586
700 1 _aKerman Phillip
_97752
942 _cBK
999 _c6902
_d6902